000 00220 a2200097 4500
001 43496
100 _aShakespeare
245 _aAs You Like It
260 _aLondon
_bCambridge University Press
_c
090 _c27310
_d27310
942 _aNUST-CAE
_cM
_c19237
999 _c278569
_d278569